Country Music Artist by Last Name - Statistics

General Stats
  • This quiz has been taken 5,039 times
    3,458 since last reset
  • The average score is 35 of 95
Answer Stats
Last Name First Name % Correct
Aldean Jason
87%
Chesney Kenny
83%
McGraw Tim
81%
Urban Keith
77%
Bryan Luke
77%
Parton Dolly
76%
Church Eric
76%
Shelton Blake
75%
Paisley Brad
75%
Strait George
75%
Adkins Trace
71%
Lambert Miranda
70%
McEntire Reba
66%
Keith Toby
63%
Jackson Alan
62%
Currington Billy
62%
Rucker Darius
62%
Tritt Travis
61%
Nelson Willie
61%
Twain Shania
59%
Haggard Merle
58%
Brice Lee
56%
Yearwood Trisha
53%
Eldredge Brett
50%
McBride Martina
50%
Kristofferson Kris
49%
Rogers Kenny
48%
Travis Randy
47%
Jennings Waylon
47%
Gill Vince
46%
Daniels Charlie
45%
Lynn Loretta
45%
Yoakam Dwight
44%
Jones George
44%
Hill Faith
41%
Rimes LeAnn
41%
Houser Randy
40%
Atkins Rodney
40%
Black Clint
39%
Pickler Kellie
39%
Byrd Tracy
38%
Pride Charley
37%
Coe David Allan
36%
Owen Jake
36%
Lawrence Tracy
36%
Milsap Ronnie
35%
Wynette Tammy
35%
Chesnutt Mark
34%
LeDoux Chris
32%
Hayes Hunter
32%
Messina Jo Dee
32%
Judd Wynonna
32%
Nichols Joe
31%
Moore Justin
31%
Loveless Patty
31%
Cagle Chris
30%
Corbin Easton
30%
Dunn Ronnie
30%
Tucker Tanya
30%
Turner Josh
28%
Kershaw Sammy
28%
Akins Rhett
27%
Evans Sara
27%
Nettles Jennifer
26%
Allan Gary
24%
Tillis Pam
24%
Montgomery John Michael
22%
Tippin Aaron
21%
Morgan Craig
21%
Mandrell Barbara
20%
Vassar Phil
20%
Gentry Troy
19%
Nail David
16%
Ketchum Hal
16%
Stuart Marty
16%
Niemann Jerrod
15%
Wagoner Porter
15%
Walker Clay
14%
Harris Emmylou
13%
Wills Mark
13%
McCoy Neal
13%
Gracin Josh
12%
Hough Julianne
12%
Herndon Ty
12%
Raye Collin
11%
Covington Bucky
10%
Worley Darryl
10%
Otto James
10%
Gilman Billy
9%
LeVox Gary
8%
Wilson Gretchen
8%
Wright Chely
5%
Wicks Chuck
5%
Scott Hillary
5%
O'Neal Jamie
5%
No matching quizzes found
Score Distribution
Percent of People with Each Score
Percentile by Number Answered
Your Score History
You have not taken this quiz since the last reset